000 00642nam a2200205Ia 4500
003 GCL
008 140319s9999 xx 000 0 ara d
040 _aGCL /
_cGCL
082 0 4 _a792.9
_bع هـ
100 1 _aعبدالتواب يوسف
245 1 0 _aالهراوى رائد مسرح الطفل العربى /
_cعبدالتواب يوسف
260 _aالقاهرة :
_bدار الكتاب المصرى ،
_c1987
300 _a143 ص ؛
_c20 سم
490 _a
650 0 4 _aالمسرح
650 0 4 _aالاطفال كممثلين
650 0 4 _aمسرح العرائس
650 0 4 _aمحمد الهراوى
942 _2ddc
_cBK
999 _c28093
_d28093